Computer Graphics C Version. (Record no. 39)

MARC details
000 -LEADER
fixed length control field 00579cam a2200229ua 4500
008 - FIXED-LENGTH DATA ELEMENTS--GENERAL INFORMATION
fixed length control field 171012n ii |||gr||||Z||||||eng
020 ## - INTERNATIONAL STANDARD BOOK NUMBER
International Standard Book Number 978-81-7758-765-4
040 ## - CATALOGING SOURCE
Transcribing agency MAIN
041 ## - LANGUAGE CODE
-- eng
082 ## - DEWEY DECIMAL CLASSIFICATION NUMBER
Classification number 006.6
100 ## - MAIN ENTRY--PERSONAL NAME
Personal name Hearn, Donald.,
245 ## - TITLE STATEMENT
Title Computer Graphics C Version.
Statement of responsibility, etc. By Donald Hearn.
250 ## - EDITION STATEMENT
Edition statement 2nd.
260 ## - PUBLICATION, DISTRIBUTION, ETC.
Place of publication, distribution, etc. New Delhi.:
Name of publisher, distributor, etc. Pearson Education.,
Date of publication, distribution, etc. 2009.
300 ## - PHYSICAL DESCRIPTION
Extent 660 p.:
Other physical details ill.;
Dimensions 30 cm.
700 1# - ADDED ENTRY--PERSONAL NAME
Personal name Hearn, Donald.,
700 ## - ADDED ENTRY--PERSONAL NAME
Personal name Baker, M. Pauline.,
942 ## - ADDED ENTRY ELEMENTS (KOHA)
Koha item type Books
653 ## - INDEX TERM--UNCONTROLLED
Uncontrolled term Computer Science.
653 ## - INDEX TERM--UNCONTROLLED
Uncontrolled term Computer Graphics.
Holdings
Withdrawn status Lost status Damaged status Not for loan Home library Current library Shelving location Date acquired Total Checkouts Full call number Barcode Date last seen Copy number Price effective from Koha item type
        Central Library, Naharkatiya College Central Library, Naharkatiya College General Stacks 19/09/2020   006.6 | HEA 20023 19/09/2020 1 19/09/2020 Books

Naharkatiya College © 2020. All rights reserved.

Powered By